000 00842nam a2200253Ia 4500
005 20251020182456.0
008 200515s9999 xx 000 0 und d
020 _a0-201-65367-2
082 _a624.0411/B32
100 _aBedford, Anthony
100 _aFowler, Wallace
245 0 _aMecánica para ingeniería : Estática
260 _aWilmington
260 _bAddison-Wesley Iberoamericana
260 _c1996
300 _a606 p.
300 _bil., col., tbl., graf.
500 _a1 ejemplar
520 _aContiene: Ingeniería mecánica. Vectores. Fuerzas, Sistemas de fuerza y momentos. Cuerpos en equilibrio. Centroides y centros de masa. Momentos de inercia. Fuerzas distribuidas. Fricción. Trabajo virtual y energía potencial.
650 _aESTATICA
650 _aMECANICA VECTORIAL
942 _cLIB
999 _c1006
_d1006